000 00313pam a2200133 a 4500
020 _c
041 _h
082 _a340
_bCHA
100 _aCHAUDHARY P.,
245 _aLAWYER S MISCELLANY
_hTextual Documents
260 _aNEW DELHI
_bMETROPOLITAN BOOK CO. PVT. LTD.
_c1981
300 _aVIII+288
930 _a10029
999 _c129482
_d129482